NBA Starting Shooting Guards 2020s - Statistics

General Stats
  • This quiz has been taken 710 times
    13 since last reset
  • The average score is 158 of 180
Answer Stats
Team Season First Name Last Name % Correct
Memphis 2021-22 Desmond Bane
100%
Memphis 2022-23 Desmond Bane
100%
Memphis 2023-24 Desmond Bane
100%
Memphis 2024-25 Desmond Bane
100%
New York 2020-21 RJ Barrett
100%
New York 2021-22 RJ Barrett
100%
New York 2022-23 RJ Barrett
100%
Toronto 2025-26 RJ Barrett
100%
Phoenix 2023-24 Bradley Beal
100%
Washington 2020-21 Bradley Beal
100%
Washington 2021-22 Bradley Beal
100%
Washington 2022-23 Bradley Beal
100%
Phoenix 2020-21 Devin Booker
100%
Phoenix 2021-22 Devin Booker
100%
Phoenix 2022-23 Devin Booker
100%
Phoenix 2024-25 Devin Booker
100%
Phoenix 2025-26 Devin Booker
100%
Brooklyn 2023-24 Mikal Bridges
100%
New York 2024-25 Mikal Bridges
100%
New York 2025-26 Mikal Bridges
100%
Boston 2021-22 Jaylen Brown
100%
Denver 2022-23 Kentavious Caldwell-Pope
100%
Denver 2023-24 Kentavious Caldwell-Pope
100%
LA Lakers 2020-21 Kentavious Caldwell-Pope
100%
Orlando 2024-25 Kentavious Caldwell-Pope
100%
San Antonio 2024-25 Stephon Castle
100%
San Antonio 2025-26 Stephon Castle
100%
Detroit 2021-22 Cade Cunningham
100%
Minnesota 2022-23 Anthony Edwards
100%
Minnesota 2023-24 Anthony Edwards
100%
Minnesota 2024-25 Anthony Edwards
100%
Minnesota 2025-26 Anthony Edwards
100%
Miami 2022-23 Tyler Herro
100%
Miami 2023-24 Tyler Herro
100%
Sacramento 2020-21 Buddy Hield
100%
Chicago 2020-21 Zach LaVine
100%
Chicago 2021-22 Zach LaVine
100%
Chicago 2022-23 Zach LaVine
100%
Sacramento 2025-26 Zach LaVine
100%
Portland 2020-21 CJ McCollum
100%
Portland 2021-22 CJ McCollum
100%
Cleveland 2022-23 Donovan Mitchell
100%
Cleveland 2023-24 Donovan Mitchell
100%
Cleveland 2024-25 Donovan Mitchell
100%
Utah 2020-21 Donovan Mitchell
100%
Utah 2021-22 Donovan Mitchell
100%
Golden State 2024-25 Moses Moody
100%
Atlanta 2022-23 Dejounte Murray
100%
Atlanta 2023-24 Dejounte Murray
100%
New Orleans 2024-25 DeJounte Murray
100%
Golden State 2020-21 Kelly Oubre Jr.
100%
Philadelphia 2023-24 Kelly Oubre Jr.
100%
LA Lakers 2023-24 Austin Reaves
100%
LA Lakers 2025-26 Austin Reaves
100%
Detroit 2025-26 Duncan Robinson
100%
Miami 2020-21 Duncan Robinson
100%
Miami 2021-22 Duncan Robinson
100%
Miami 2024-25 Duncan Robinson
100%
Minnesota 2021-22 D'Angelo Russell
100%
Cleveland 2020-21 Collin Sexton
100%
Utah 2023-24 Collin Sexton
100%
Utah 2024-25 Collin Sexton
100%
Boston 2020-21 Marcus Smart
100%
Boston 2022-23 Marcus Smart
100%
Golden State 2022-23 Klay Thompson
100%
Golden State 2023-24 Klay Thompson
100%
Toronto 2020-21 Fred VanVleet
100%
Boston 2023-24 Derrick White
100%
Boston 2024-25 Derrick White
100%
Boston 2025-26 Derrick White
100%
Chicago 2024-25 Coby White
100%
San Antonio 2021-22 Derrick White
100%
Memphis 2020-21 Grayson Allen
92%
Milwaukee 2021-22 Grayson Allen
92%
Milwaukee 2022-23 Grayson Allen
92%
Utah 2022-23 Jordan Clarkson
92%
Philadelphia 2020-21 Seth Curry
92%
Philadelphia 2021-22 Seth Curry
92%
Atlanta 2024-25 Dyson Daniels
92%
Atlanta 2025-26 Dyson Daniels
92%
Toronto 2024-25 Gradey Dick
92%
Milwaukee 2020-21 Donte DiVincenzo
92%
New York 2023-24 Donte DiVincenzo
92%
Oklahoma City 2024-25 Luguentz Dort
92%
Philadelphia 2025-26 VJ Edgecombe
92%
LA Clippers 2020-21 Paul George
92%
LA Clippers 2022-23 Paul George
92%
Oklahoma City 2020-21 Shai Gilgeous-Alexander
92%
Charlotte 2024-25 Josh Green
92%
Houston 2021-22 Jalen Green
92%
Houston 2022-23 Jalen Green
92%
Houston 2023-24 Jalen Green
92%
Houston 2024-25 Jalen Green
92%
Milwaukee 2025-26 AJ Green
92%
Sacramento 2021-22 Tyrese Haliburton
92%
Brooklyn 2020-21 James Harden
92%
Brooklyn 2021-22 James Harden
92%
Dallas 2023-24 Kyrie Irving
92%
Detroit 2022-23 Jaden Ivey
92%
Detroit 2023-24 Jaden Ivey
92%
Brooklyn 2024-25 Keon Johnson
92%
Washington 2025-26 Tre Johnson
92%
Chicago 2025-26 Tre Jones
92%
New Orleans 2023-24 Herbert Jones
92%
Charlotte 2025-26 Kon Knueppel
92%
Indiana 2020-21 Caris LeVert
92%
Indiana 2021-22 Caris LeVert
92%
Sacramento 2024-25 Malik Monk
92%
New Orleans 2022-23 Trey Murphy
92%
New Orleans 2025-26 Trey Murphy
92%
Golden State 2021-22 Jordan Poole
92%
Washington 2023-24 Jordan Poole
92%
Washington 2024-25 Jordan Poole
92%
Charlotte 2020-21 Terry Rozier
92%
Charlotte 2021-22 Terry Rozier
92%
Charlotte 2022-23 Terry Rozier
92%
Portland 2024-25 Shaedon Sharpe
92%
Portland 2025-26 Shaedon Sharpe
92%
Portland 2022-23 Anfernee Simons
92%
Portland 2023-24 Anfernee Simons
92%
LA Lakers 2022-23 Patrick Beverley
83%
Denver 2024-25 Christian Braun
83%
Denver 2025-26 Christian Braun
83%
Dallas 2022-23 Spencer Dinwiddie
83%
Dallas 2024-25 Spencer Dinwiddie
83%
Chicago 2023-24 Ayo Dosunmu
83%
Philadelphia 2024-25 Quentin Grimes
83%
Detroit 2024-25 Tim Hardaway Jr.
83%
Atlanta 2020-21 Kevin Huerter
83%
Atlanta 2021-22 Kevin Huerter
83%
Sacramento 2022-23 Kevin Huerter
83%
Sacramento 2023-24 Kevin Huerter
83%
Philadelphia 2022-23 De'Anthony Melton
83%
Indiana 2022-23 Andrew Nembhard
83%
Indiana 2023-24 Andrew Nembhard
83%
Indiana 2024-25 Andrew Nembhard
83%
Indiana 2025-26 Aaron Nesmith
83%
Cleveland 2021-22 Isaac Okoro
83%
Golden State 2025-26 Brandin Podziemski
83%
Oklahoma City 2025-26 Cason Wallace
83%
Orlando 2025-26 Anthony Black
75%
LA Clippers 2024-25 Kris Dunn
75%
LA Clippers 2025-26 Kris Dunn
75%
Orlando 2020-21 Evan Fournier
75%
Oklahoma City 2021-22 Josh Giddey
75%
Oklahoma City 2022-23 Josh Giddey
75%
Oklahoma City 2023-24 Josh Giddey
75%
Houston 2020-21 Kevin Porter Jr.
75%
Orlando 2021-22 Jalen Suggs
75%
Orlando 2023-24 Jalen Suggs
75%
San Antonio 2022-23 Devin Vassell
75%
San Antonio 2023-24 Devin Vassell
75%
Denver 2020-21 Will Barton
67%
Denver 2021-22 Will Barton
67%
Milwaukee 2023-24 Malik Beasley
67%
LA Lakers 2021-22 Avery Bradley
67%
Dallas 2025-26 Max Christie
67%
LA Lakers 2024-25 Max Christie
67%
Memphis 2025-26 Cedric Coward
67%
Houston 2025-26 Tari Eason
67%
Brooklyn 2022-23 Joe Harris
67%
Orlando 2022-23 Gary Harris
67%
Toronto 2021-22 Gary Trent Jr.
67%
Toronto 2022-23 Gary Trent Jr.
67%
Toronto 2023-24 Gary Trent Jr.
67%
San Antonio 2020-21 Lonnie Walker
67%
Miami 2025-26 Pelle Larsson
58%
Brooklyn 2025-26 Terance Mann
58%
Charlotte 2023-24 Tre Mann
58%
LA Clippers 2021-22 Terance Mann
58%
LA Clippers 2023-24 Terance Mann
58%
Cleveland 2025-26 Sam Merrill
58%
Dallas 2021-22 Jalen Brunson
50%
Detroit 2020-21 Wayne Ellington
50%
New Orleans 2021-22 Josh Hart
50%
New Orleans 2020-21 Eric Bledsoe
42%
Milwaukee 2024-25 Andre Jackson Jr.
42%
Minnesota 2020-21 Josh Okogie
42%
Utah 2025-26 Sviatoslav Mykhailiuk
25%
Dallas 2020-21 Josh Richardson
25%
No matching quizzes found
Score Distribution
Percent of People with Each Score
Percentile by Number Answered
Your Score History
You have not taken this quiz since the last reset